Countries by Largest Coastal City Click Quiz - Statistics

General Stats
  • This quiz has been taken 32 times
  • The average score is 83 of 151
Answer Stats
Hint Answer % Correct
Bissau Guinea-Bissau
80%
Auckland New Zealand
80%
Lima Peru
80%
Djibouti Djibouti
77%
Montevideo Uruguay
77%
Buenos Aires Argentina
73%
Copenhagen Denmark
73%
Mumbai India
73%
Kuwait City Kuwait
73%
Riga Latvia
73%
Panama City Panama
73%
Istanbul Turkey
73%
Dubai United Arab Emirates
73%
Liverpool United Kingdom
73%
New York City United States
73%
Algiers Algeria
70%
Sydney Australia
70%
Belize City Belize
70%
Vancouver Canada
70%
Alexandria Egypt
70%
Tallinn Estonia
70%
Helsinki Finland
70%
Athens Greece
70%
Jakarta Indonesia
70%
Dublin Ireland
70%
Beirut Lebanon
70%
Tripoli Libya
70%
Kuala Lumpur Malaysia
70%
Amsterdam Netherlands
70%
Manila Philippines
70%
Lisbon Portugal
70%
Singapore Singapore
70%
Mogadishu Somalia
70%
Cape Town South Africa
70%
Seoul South Korea
70%
Bangkok Thailand
70%
Tunis Tunisia
70%
Ho Chi Minh City Vietnam
70%
Nassau Bahamas
67%
Rio de Janeiro Brazil
67%
Guangzhou China
67%
Havana Cuba
67%
Naples Italy
67%
Tokyo Japan
67%
Malé Maldives
67%
Lagos Nigeria
67%
Oslo Norway
67%
Karachi Pakistan
67%
Doha Qatar
67%
Saint Petersburg Russia
67%
Port Sudan Sudan
67%
Stockholm Sweden
67%
Taipei Taiwan
67%
Dar es Salaam Tanzania
67%
Odessa Ukraine
67%
Bruges Belgium
63%
Split Croatia
63%
Marseille France
63%
Conakry Guinea
63%
Port-au-Prince Haiti
63%
Reykjavik Iceland
63%
Tel Aviv Israel
63%
Tijuana Mexico
63%
Monaco Monaco
63%
Casablanca Morocco
63%
Muscat Oman
63%
Gdansk Poland
63%
Barcelona Spain
63%
Manama Bahrain
60%
Chittagong Bangladesh
60%
Bridgetown Barbados
60%
Praia Cape Verde
60%
Santo Domingo Dominican Republic
60%
Accra Ghana
60%
Monrovia Liberia
60%
Yangon Myanmar
60%
São Tomé São Tomé and Príncipe
60%
Jeddah Saudi Arabia
60%
Colombo Sri Lanka
60%
Maracaibo Venezuela
60%
Luanda Angola
57%
Bandar Seri Begawan Brunei
57%
Georgetown Guyana
57%
Kingston Jamaica
57%
Nouakchott Mauritania
57%
Dakar Senegal
57%
Freetown Sierra Leone
57%
Durrës Albania
53%
Saint John's Antigua and Barbuda
53%
Barranquilla Colombia
53%
Roseau Dominica
53%
Suva Fiji
53%
Banjul Gambia
53%
Saint George's Grenada
53%
Maputo Mozambique
53%
Port Moresby Papua New Guinea
53%
Paramaribo Suriname
53%
Lomé Togo
53%
Aden Yemen
53%
Cotonou Benin
50%
Moroni Comoros
50%
Limassol Cyprus
50%
Dili East Timor
50%
Guayaquil Ecuador
50%
Libreville Gabon
50%
Kiel Germany
50%
Abidjan Ivory Coast
50%
Mombasa Kenya
50%
Apia Samoa
50%
Port Vila Vanuatu
50%
Varna Bulgaria
47%
Castries Saint Lucia
47%
Victoria Seychelles
47%
Preah Sihanouk Cambodia
43%
Douala Cameroon
43%
Valparaiso Chile
43%
Muanda Democratic Republic of the Congo
43%
Port Louis Mauritius
43%
Constanta Romania
43%
Basseterre Saint Kitts and Nevis
43%
Kingstown Saint Vincent and the Grenadines
43%
Honiara Solomon Islands
43%
Nuku'alofa Tonga
43%
South Tarawa Kiribati
40%
Pointe-Noire Republic of the Congo
40%
Funafuti Tuvalu
40%
Batumi Georgia
37%
Aqaba Jordan
37%
Weno Federated States of Micronesia
33%
Klaipėda Lithuania
33%
Toamasina Madagascar
33%
Saint Paul's Bay Malta
33%
Latakia Syria
33%
Bata Equatorial Guinea
30%
Bandar Abbas Iran
30%
Al-Faw Iraq
30%
Walvis Bay Namibia
30%
Hamhung North Korea
30%
Koror Palau
30%
Neum Bosnia and Herzegovina
23%
Acajutla El Salvador
23%
Budva Montenegro
23%
Koper Slovenia
23%
Puntarenas Costa Rica
20%
Assab Eritrea
20%
La Ceiba Honduras
20%
Denigomodu Nauru
20%
Chaguanas Trinidad and Tobago
13%
Ebeye Marshall Islands
7%
Puerto Cabezas Nicaragua
7%
Puerto Barrios Guatemala
3%
No matching quizzes found
Score Distribution
Percent of People with Each Score
Percentile by Number Answered
Your Score History
You have not taken this quiz